NLSUI OPAC header image

Companies Vol. II (Record no. 41374)

MARC details
000 -LEADER
fixed length control field 02603nam a2200229Ia 4500
003 - CONTROL NUMBER IDENTIFIER
control field OSt
005 - DATE AND TIME OF LATEST TRANSACTION
control field 20201006112332.0
008 - FIXED-LENGTH DATA ELEMENTS--GENERAL INFORMATION
fixed length control field 160316s2016 xxu||||| |||| 00| 0 eng d
020 ## - INTERNATIONAL STANDARD BOOK NUMBER
International Standard Book Number 9780853080282
040 ## - CATALOGING SOURCE
Transcribing agency nls
082 ## - DEWEY DECIMAL CLASSIFICATION NUMBER
Classification number 346.066000
Item number BRO-II
100 ## - MAIN ENTRY--PERSONAL NAME
Personal name Browne Gore
245 ## - TITLE STATEMENT
Title Companies Vol. II
250 ## - EDITION STATEMENT
Edition statement 45th
260 ## - PUBLICATION, DISTRIBUTION, ETC.
Place of publication, distribution, etc. Bristol
Name of publisher, distributor, etc. Jordans Publishing Ltd.
Date of publication, distribution, etc. 2016
300 ## - PHYSICAL DESCRIPTION
Extent Var
365 ## - TRADE PRICE
Price amount Rs. 1,38,804 V
505 ## - FORMATTED CONTENTS NOTE
Formatted contents note VOLUME 2 Contents PART VI SHARE CAPITAL 21 Types of Shares, Rights and Liabilities 22 Allotment of Shares 23 Transfer of Shares 23A Introduction to the Maintenance of Share Capital 24 [Deleted] 24A Acquisition by a Company of its Own Shares 24B Financial Assistance by a Company for the Acquisition of its Own Shares 25 Dividends 26 Capital Reorganisations PART VII LOANS 27 Types of Loans and their Rights 28 Restrictions, Guarantees and Trustees 29 Transfers and Variations 30 Creating Charges 31 Registration of Charges PART VIII GENERAL DISCLOSURE REQUIREMENTS 32 The European Framework 33 Register of Directors and of Interests in Voting Shares 34 Annual Returns 35 Accounts and their Publication 36 Form and Content of Accounts 36A Form and Content of Directors' Reports 37 Filing and Defective Accounts 37A Appointment and Removal of Auditors 37B Functions and Liability of Auditors PART IX QUOTED COMPANIES 38 The European Framework 39 The UK Framework 40 Obtaining an Equity Listing 41 Continuing Obligations 42 Market Misconduct 43 Liability for Information PART X TAKEOVERS AND MERGERS 44 Europe and Takeovers 45 Takeover Code 46 Reconstruction and Amalgamation PART XI TAXATION 47 Corporation Tax 48 Rates of Corporation Tax, Computation and Losses 48A Debt, Equity and Distributions PART XII FINANCIAL DIFFICULTIES 49 Introduction to Restructuring and Insolvency 50 Debenture Holders' Remedies and Receivers 51 Voluntary Arrangements 52 Administration 53 European and International Insolvency 54 Administrative Receivership 54A Floating Charges and Receivers in Scotland PART XIII LIQUIDATION 55 Compulsory Liquidation: Grounds 56 Compulsory Liquidation: Procedure 57 Voluntary Liquidation: Procedure 58 Liquidators and Collection of Assets 59 Claims Against the Company 60 Application of Funds and Dissolution 61 Civil and Criminal Liabilities and Office-holder's Powers of Investigation 62 Financial Markets and Insolvency PART XIV CONFLICT OF LAWS 63 Companies and the Conflict of Laws Index Filing Record Request for missing pages Change of address Checklist of pages
650 ## - SUBJECT ADDED ENTRY--TOPICAL TERM
Topical term or geographic name entry element 1. Companies
700 ## - ADDED ENTRY--PERSONAL NAME
Personal name
--
942 ## - ADDED ENTRY ELEMENTS (KOHA)
Source of classification or shelving scheme Dewey Decimal Classification
Koha item type BOOKs
Holdings
Withdrawn status Lost status Damaged status Not for loan Home library Current library Shelving location Date acquired Cost, normal purchase price Total Checkouts Full call number Barcode Date last seen Price effective from Koha item type Public note
      Not For Loan NLS NLS NAB Compactor 30/05/2017 130031.00   346.066 BRO-II 34756 30/05/2017 30/05/2017 BOOKs Price for the entire Set of Volumes